Online Catalogue and eLibrary

Culavamsa Being the More Recent Part of the Mahavamsa: (Record no. 3494)

MARC details
000 -LEADER
fixed length control field 00435nam a2200157Ia 4500
005 - DATE AND TIME OF LATEST TRANSACTION
control field 20250325011215.0
008 - FIXED-LENGTH DATA ELEMENTS--GENERAL INFORMATION
fixed length control field 240331s9999 xx 000 0 und d
020 ## - INTERNATIONAL STANDARD BOOK NUMBER
ISBN 812060430X
082 ## - DDC Classification
Item Number - Author Mark CUL
DDC Edition Number 3509
Class No. 954.93
245 #0 - TITLE STATEMENT
Title Culavamsa Being the More Recent Part of the Mahavamsa:
Remainder of title Part I
260 ## - PUBLICATION, DISTRIBUTION, ETC.
Place of publication, distribution, etc. New Delhi,
Name of publisher, distributor, etc. Asian Educational Services
Date of publication, distribution, etc. 1992
300 ## - PHYSICAL DESCRIPTION
Extent (e.g. Volumes, Pages etc.) xlii, 362 p.,
650 ## - SUBJECT ADDED ENTRY--TOPICAL TERM
Topical term or geographic name entry element History
650 ## - SUBJECT ADDED ENTRY--TOPICAL TERM
Topical term or geographic name entry element Literature
942 ## - Koha item type (Biblio)
Koha item type Books in Stacks (Lending)
Holdings
Lost status Damaged status Collection code Home library Current library Shelving location Date acquired Full call number Accession Number Item type
    Lending WERC Library WERC Library Social Science Cupboard 03/31/2024 954.9 CUL 3509 Books in Stacks (Lending)

© WERC Library